000 00688 a2200229 4500
003 Nust
005 20170207171533.0
010 _a 2008277447
020 _a1596932104
020 _a9781596932104
040 _cNust
082 0 0 _a621.3825
100 1 _aElbert, Bruce R.
245 1 0 _aIntroduction to satellite communication (EBOOK)
_cBruce R. Elbert.
246 3 0 _aSatellite communication
250 _a3rd ed.
260 _aBoston :
_bArtech House,
_cc2008.
300 _axiii, 447 p. :
_bill., maps ;
_c26 cm.
440 4 _aThe Artech House space applications series
440 4 _aThe Artech House telecommunications library
650 0 _aArtificial satellites in telecommunication.
942 _2ddc
_cBK
999 _c217126
_d217126